Inflation, tax rules, and the prices of land and gold (Registro nro. 25873)

Detalles MARC
000 -LEADER
fixed length control field 00347 a2200109 4500
001 - CONTROL NUMBER
control field ART_11827
005 - DATE AND TIME OF LATEST TRANSACTION
control field 20260410161900.0
008 - FIXED-LENGTH DATA ELEMENTS--GENERAL INFORMATION
fixed length control field 260409a
100 1# - MAIN ENTRY--PERSONAL NAME
Personal name Feldstein, Martin
245 10 - TITLE STATEMENT
Title Inflation, tax rules, and the prices of land and gold
773 0# - HOST ITEM ENTRY
Title Journal of public economics
Related parts - Vol. 14, Nº 3 (dic. 1980)
Record control number REV11485

No hay ítems disponibles.